Drapeaux se ressemblant #2 - Statistiques

Statistiques générales
  • Ce quiz a été pris 51 fois
  • Le résultat moyen est 15 sur 20
Statistiques - réponses
Par images Réponse % Correct
Pologne
100%
Monaco
96%
Egypte
89%
Indonésie
89%
Ethiopie
87%
Singapour
87%
Honduras
76%
Ghana
74%
Irak
74%
Nicaragua
74%
Syrie
72%
Guatemala
67%
Jordanie
67%
Salvador
67%
Birmanie
65%
Yémen
65%
Emirats Arabes Unis
61%
Koweit
59%
Bolivie
54%
Soudan
54%
Aucun quiz correspondant
Distribution des résultats
% des personnes avec chaque résultat
Percentile par nombre de réponses
Votre historique - résultats
Vous n’avez pas pris ce quiz